000 00796nam a2200205Ii 4500
003 JO-AjNU
008 230605s9999||||xx |||||||||||||| ||und||
017 _a2006/15039
020 _a977-5160-98-0
040 _aJO-AjNU
_bara
_erda
_cJO-AjNU
041 _aara
050 1 4 _aKRM1829.T346.2006
100 3 _aالتحيوى، محمود السيد,
_eauthor
_931987
245 0 0 _aالصلح والتحكيم فى المواد المدنية والتجارية
264 3 1 _aالاسكندرية :دار الفكرالجامعى،2006
300 _a196ص
_bيشتمل على مراجع ببلوغرافية باللغة العربية واللغة الفرنسية ص ( 159-195 )
336 _atext
_btxt
_2rdacontent
337 _aunmediated
_bn
_2rdamedia
338 _avolume
_bnc
_2rdacarrier
999 _aA12859
_c16427
_d16427